00751nam a2200253 a 4500001001300000003000900013005001700022008004100039020001000080082001700090100003000107245002100137260005400158300000900212500003500221505002400256650002100280650001900301700003000320902000800350942000700358952011700365999001500482nice12345678IN_TiNIC20260116011740.0050524s1969 hyda grp 000 0 per  ac10000a297.409bSAM aSamani, Shah Mohammed Ali aSair-E-Mohammadi aHyderabad bMarkazi Anjuman Taleemus Salat c1969 a180p aincludes index and biblioraphy2 aBibliography, Index aSufism-Biography aBiography-Sufi1 aSamani, Shah Mohammed Ali bSRS cBK 001040708StackRoom-aHMIbHMId2007-07-03g100.00l0o297.409 SAMp07664r2007-07-03v100.00w2005-05-24yBK c3674d3674